| 000 | 00470nam a22001697a 4500 | ||
|---|---|---|---|
| 003 | OSt | ||
| 005 | 20250213110356.0 | ||
| 008 | 250213s2003 ag ||||| |||| 00| 1 eng d | ||
| 020 | _a8420400564 | ||
| 040 | _cbesoc | ||
| 100 | 1 |
_aSaramago, José, _d1922-2010 _eautor |
|
| 245 | 1 | 3 |
_aEl año de la muerte de Ricardo Reis / _cJosé Saramago |
| 260 |
_aEspaña : _bAlfaguara, _c2003 |
||
| 300 | _a462 p. | ||
| 650 | 4 |
_aLiteratura portuguesa _vNovela _ySiglo XX |
|
| 942 |
_2udc _cOG _n0 |
||
| 999 |
_c438 _d438 |
||